Strategic human resource management: An international perspective (Record no. 310487)

MARC details
000 -LEADER
fixed length control field 00562nam a22002057a 4500
005 - DATE & TIME
control field 20231219125455.0
008 - FIXED-LENGTH DATA ELEMENTS--GENERAL INFORMATION
fixed length control field 231218b |||||||| |||| 00| 0 eng d
020 ## - ISBN
International Standard Book Number 9781529740783
Price £ 44.99
040 ## - CATALOGING SOURCE
Original cataloging agency VIVEKANANDA LIBRARY
082 ## - DDC NUMBER
Classification number 658.3
Book Number R259S(3)
100 ## - MAIN ENTRY--PERSONAL NAME
Personal name Rees, Gary, ed.
245 ## - TITLE STATEMENT
Title Strategic human resource management: An international perspective
250 ## - EDITION STATEMENT
Edition statement 3rd
260 ## - PUBLICATION, DISTRIBUTION, ETC. (IMPRINT)
Place of publication, distribution, etc London
Name of publisher, distributor, etc SAGE Publication
Date of publication, distribution, etc 2021
300 ## - PHYSICAL DESCRIPTION
Pages xix, 595
650 ## - Subject
Subject Management
650 ## - Subject
Subject Human Resource Management
700 ## - Added Entry Personal Name
Added Entry Personal Name Smith, Paul E, ed.
942 ## - ADDED ENTRY ELEMENTS (KOHA)
Koha item type Books
Holdings
Withdrawn status Lost status Source of classification or shelving scheme Damaged status Not for loan Location (home branch) Sublocation or collection (holding branch) Shelving location Date acquired Koha issues (times borrowed) Koha full call number Accession No. Koha date last seen Koha item type
    Dewey Decimal Classification     VIVEKANANDA LIBRARY VIVEKANANDA LIBRARY IMSAR Library 18/12/2023   658.3 R259S(3) 420010 18/12/2023 Books
© Designed and Maintained by Vivekananda Library, MDU Rohtak